| 000 | 00846nam a2200217 a 4500 | ||
|---|---|---|---|
| 001 | 000042938 | ||
| 005 | 20201002040519.0 | ||
| 008 | 140213s2010 sp a 000 0 spa d | ||
| 020 | _a9788499110554 | ||
| 040 |
_aDO-SdBNP _bspa _cBNPHU |
||
| 082 |
_axxxx _bxxxx |
||
| 245 | 0 | 3 |
_aEl Centro de Estudios Históricos (1910) y sus vinculaciones aragonesas : _b(con un homenaje a Rafael Lapesa) / _cedición ; José-Carlos Mainer. |
| 260 |
_aZaragoza : _bInstitución "Fernando el Católico", _c2010. |
||
| 300 |
_a317 p. : _bil. ; _c24 cm. |
||
| 490 | 1 |
_aActas _afilología |
|
| 500 | _aIncluye referencias bibliográficas y notas al pie de las páginas | ||
| 700 | 1 | 2 |
_aMainer, José-Carlos, _d1944- _etr. _970425 |
| 700 | 1 | 2 |
_aLapesa, Rafael, _d1908-2001 _970426 |
| 710 | 1 | 2 |
_aCentro de Estudios Históricos _964022 |
| 830 | 0 |
_aActas _pfilología. _970427 |
|
| 999 |
_c42427 _d42427 |
||